| 000 | 01728cam a2200337 a 4500 | ||
|---|---|---|---|
| 001 | 21111 | ||
| 003 | IVS | ||
| 005 | 20251115152722.0 | ||
| 008 | 000626s1989 ua a 000 0 eng | ||
| 010 | _a 99502746 | ||
| 020 | _a977424575X | ||
| 035 | _a(DLC) 99502746 | ||
| 040 |
_aDLC _cDLC _dDLC |
||
| 042 | _alcode | ||
| 043 | _af-ua--- | ||
| 050 | 0 | 0 |
_aHN790.Q7 _bF33 1989 |
| 082 | 0 | 0 |
_a720.962 FAT _222 _b21111 |
| 100 | 1 | _aFathy, Hassan. | |
| 240 | 1 | 0 | _aGourna |
| 245 | 1 | 0 |
_aArchitecture for the poor : _ban experiment in rural Egypt / _cHassan Fathy. |
| 260 |
_aCairo : _bAmerican University in Cairo Press, _c1989 _g(2000 printing) |
||
| 300 |
_axvi, 232 p. : _bill. ; _c23 cm. |
||
| 500 | _aOriginally published: Gourna. Cairo : Ministry of Culture, 1969. | ||
| 520 | _aArchitecture for the Poor describes Hassan Fathy's plan for building the village of New Gourna, near Luxor, Egypt, without the use of more modern and expensive materials such as steel and concrete. Using mud bricks, the native technique that Fathy learned in Nubia, and such traditional Egyptian architectural designs as enclosed courtyards and vaulted roofing, Fathy worked with the villagers to tailor his designs to their needs. He taught them how to work with the bricks, supervised the erection of the buildings, and encouraged the revival of such ancient crafts as claustra (lattice designs in the mudwork) to adorn the buildings. | ||
| 650 | 0 |
_aCommunity development _zEgypt _zQurna. |
|
| 650 | 0 | _arural architecture | |
| 650 | 0 | _aMud Brick Construction | |
| 906 |
_a7 _bcbc _corigode _d3 _encip _f19 _gy-gencatlg |
||
| 942 |
_2ddc _cBK _n0 |
||
| 999 |
_c14772 _d14772 |
||